[Event "Klaipeda-ch"]
[Site "Klaipeda"]
[Date "2022.02.20"]
[Round "11"]
[White "Drozdov, Sergej"]
[Black "Pidluznij, Gleb"]
[Result "0-1"]
[WhiteElo "2193"]
[BlackElo "2046"]
[PlyCount "78"]
[EventDate "2022.01.15"]
[EventType "tourn"]
[EventRounds "11"]
[EventCountry "LTU"]
[SourceTitle "EXT 2023"]
[Source "ChessBase"]
[SourceDate "2022.10.05"]
[SourceVersion "1"]
[SourceVersionDate "2022.10.05"]
[SourceQuality "1"]

1. d4 Nf6 2. Nf3 d5 3. Bf4 e6 4. Nbd2 c5 5. e3 Nc6 6. c3 Bd6 7. Bg3 0-0 8. Ne5 Qc7 9. f4 Ne7 10. Bd3 Nf5 11. Bf2 Be7 12. g4 Nd6 13. Qb1 b6 14. Rg1 Bb7 15. g5 Nfe4 16. Nxe4 dxe4 17. Be2 cxd4 18. cxd4 Rac8 19. Kd2 b5 20. Rc1 Qa5+ 21. Kd1 Nf5 22. Ng4 Bd5 23. Be1 Bb4 24. Bxb4 Qxb4 25. Rc3 Rxc3 26. bxc3 Qxc3 27. Qc1 Qa5 28. Qd2 Qa4+ 29. Ke1 Bc4 30. Bxc4 bxc4 31. Rc1 Rc8 32. Rc3 Ne7 33. Qb2 Nd5 34. Rc2 Qb4+ 35. Kd1 c3 36. Qc1 Qc4 37. Ke1 Nb4 38. Ne5 Nd3+ 39. Kd1 Nxe5 0-1

[Event "Klaipeda-ch"]
[Site "Klaipeda"]
[Date "2022.01.30"]
[Round "6"]
[White "Fedorov, Artem"]
[Black "Drozdov, Sergej"]
[Result "0-1"]
[WhiteElo "1223"]
[BlackElo "2193"]
[PlyCount "50"]
[EventDate "2022.01.15"]
[EventType "tourn"]
[EventRounds "11"]
[EventCountry "LTU"]
[SourceTitle "EXT 2023"]
[Source "ChessBase"]
[SourceDate "2022.10.05"]
[SourceVersion "1"]
[SourceVersionDate "2022.10.05"]
[SourceQuality "1"]

1. e4 Nf6 2. Nc3 e5 3. Bc4 Nc6 4. Nf3 Be7 5. 0-0 0-0 6. Re1 d6 7. h3 Na5 8. Bb3 Nxb3 9. axb3 c5 10. d3 h6 11. Ne2 Kh7 12. Be3 b6 13. Ng3 g6 14. Qd2 Ng8 15. c4 f5 16. Ne2 f4 17. Nxf4 exf4 18. Bxf4 g5 19. Bg3 Bxh3 20. e5 Bg4 21. Qe2 Bxf3 22. gxf3 dxe5 23. Bxe5 Bf6 24. Kg2 Bxe5 25. Qxe5 Qf6 0-1

[Event "Klaipeda-ch"]
[Site "Klaipeda"]
[Date "2022.01.22"]
[Round "3"]
[White "Drozdov, Sergej"]
[Black "Scekaciov, Rostislav"]
[Result "1-0"]
[WhiteElo "2193"]
[BlackElo "1726"]
[PlyCount "53"]
[EventDate "2022.01.15"]
[EventType "tourn"]
[EventRounds "11"]
[EventCountry "LTU"]
[SourceTitle "EXT 2023"]
[Source "ChessBase"]
[SourceDate "2022.10.05"]
[SourceVersion "1"]
[SourceVersionDate "2022.10.05"]
[SourceQuality "1"]

1. d4 Nf6 2. Nf3 e6 3. Bg5 Be7 4. Nbd2 d5 5. e3 0-0 6. Bd3 h6 7. Bh4 Nbd7 8. c3 c5 9. Ne5 Nxe5 10. dxe5 Nd7 11. Bg3 Qc7 12. f4 Rd8 13. Nf3 Nf8 14. 0-0 c4 15. Bc2 b5 16. a3 Bb7 17. Nd4 Qb6 18. Bf2 a5 19. Qh5 b4 20. f5 exf5 21. Nxf5 Ng6 22. Nd4 Nf8 23. Bg3 f6 24. Bh4 fxe5 25. Bxe7 exd4 26. Qf7+ Kh8 27. Bxf8 1-0

[Event "Klaipeda-ch"]
[Site "Klaipeda"]
[Date "2020.03.14"]
[Round "10"]
[White "Drozdov, Sergej"]
[Black "Borisovaite, Ana"]
[Result "1-0"]
[WhiteElo "2195"]
[BlackElo "1375"]
[PlyCount "97"]
[EventDate "2020.01.19"]
[EventType "tourn"]
[EventRounds "11"]
[EventCountry "LTU"]
[SourceTitle "CBM 195 Extra"]
[Source "ChessBase"]
[SourceDate "2020.05.31"]
[SourceVersion "1"]
[SourceVersionDate "2020.05.31"]
[SourceQuality "1"]

1. d4 Nf6 2. Nf3 e6 3. Bg5 d5 4. e3 Be7 5. Nbd2 Nbd7 6. Bd3 0-0 7. c3 b6 8. Ne5 Bb7 9. 0-0 Ne4 10. Bf4 f5 11. Bxe4 dxe4 12. Qb3 Nxe5 13. Bxe5 Qd7 14. Rfd1 Bf6 15. Nf1 Ba6 16. c4 Rad8 17. Rac1 c6 18. Ng3 g6 19. Bxf6 Rxf6 20. Qa4 Qb7 21. Rc3 b5 22. cxb5 Bxb5 23. Qb3 Qa6 24. Rdc1 Rd5 25. Qa3 Qb7 26. Qb4 Rf7 27. Rb3 Ba6 28. Qc3 Qc8 29. Qxc6 Rf8 30. Qxc8 Rxc8 31. Rxc8+ Bxc8 32. Rb8 Rd8 33. f3 exf3 34. gxf3 Kf7 35. Ra8 a6 36. Ne2 Ke7 37. Nf4 g5 38. Nd3 Ke8 39. Nc5 Ke7 40. Kf2 h5 41. b4 g4 42. a4 h4 43. Ra7+ Kf8 44. Rh7 h3 45. f4 Kg8 46. Rc7 Kf8 47. Kg3 Kg8 48. Nd3 Kf8 49. Ne5 1-0

[Event "Klaipeda-ch"]
[Site "Klaipeda"]
[Date "2020.02.29"]
[Round "6"]
[White "Drozdov, Sergej"]
[Black "Jankus, Giedrius"]
[Result "1-0"]
[WhiteElo "2195"]
[BlackElo "1767"]
[PlyCount "69"]
[EventDate "2020.01.19"]
[EventType "tourn"]
[EventRounds "11"]
[EventCountry "LTU"]
[SourceTitle "CBM 195 Extra"]
[Source "ChessBase"]
[SourceDate "2020.05.31"]
[SourceVersion "1"]
[SourceVersionDate "2020.05.31"]
[SourceQuality "1"]

1. d4 Nf6 2. Nf3 d6 3. Bg5 a6 4. Nbd2 h6 5. Bh4 g5 6. Bg3 Bf5 7. e3 Bg7 8. Bd3 Qd7 9. e4 Bh7 10. e5 Bxd3 11. exf6 Qe6+ 12. Ne5 exf6 13. cxd3 Nc6 14. d5 Qxd5 15. Nxc6 Qxg2 16. Qf3 Qxf3 17. Nxf3 bxc6 18. Nd4 f5 19. Nxf5 Bxb2 20. Rb1 Bc3+ 21. Ke2 Kd7 22. Rhc1 Bf6 23. Rb7 c5 24. Nxd6 Kc6 25. Ne4 Kxb7 26. Nxf6 Rad8 27. Rxc5 c6 28. Ke3 Kb6 29. d4 a5 30. a4 Ra8 31. Kd3 Ra7 32. Ne4 Re8 33. Nd6 Rd8 34. Nc4+ Kb7 35. Nxa5+ 1-0

[Event "LTU-chT"]
[Site "Lithuania"]
[Date "2019.03.30"]
[Round "3.1"]
[White "Labanauskas, Dovydas"]
[Black "Drozdov, Sergej"]
[Result "0-1"]
[WhiteElo "1520"]
[BlackElo "2190"]
[PlyCount "48"]
[EventDate "2019.01.26"]
[EventType "team-swiss"]
[EventRounds "7"]
[EventCountry "LTU"]
[SourceTitle "CBM 189 Extra"]
[Source "ChessBase"]
[SourceDate "2019.05.31"]
[SourceVersion "1"]
[SourceVersionDate "2019.05.31"]
[SourceQuality "1"]
[WhiteTeam "Marijampole Suduvos Ateitis"]
[BlackTeam "Klaipeda Bokstas"]
[WhiteTeamCountry "LTU"]
[BlackTeamCountry "LTU"]

1. d4 Nf6 2. e3 d6 3. Bd3 c6 4. f4 e5 5. fxe5 dxe5 6. dxe5 Ng4 7. Nf3 Bc5 8. Qe2 Qb6 9. Na3 Bxa3 10. bxa3 Nd7 11. e6 fxe6 12. Ng5 Qa5+ 13. Bd2 Qxg5 14. 0-0 Ndf6 15. h3 Ne5 16. Bc3 0-0 17. h4 Qg3 18. Rf4 Neg4 19. Qf3 Qh2+ 20. Kf1 e5 21. Rb4 a5 22. Ra4 b5 23. Rxa5 Rxa5 24. Bxa5 e4 0-1

[Event "Klaipeda-ch"]
[Site "Klaipeda"]
[Date "2019.03.10"]
[Round "11"]
[White "Drozdov, Sergej"]
[Black "Jankus, Giedrius"]
[Result "1-0"]
[WhiteElo "2190"]
[BlackElo "1797"]
[PlyCount "87"]
[EventDate "2019.01.20"]
[EventType "tourn"]
[EventRounds "11"]
[EventCountry "LTU"]
[SourceTitle "CBM 189 Extra"]
[Source "ChessBase"]
[SourceDate "2019.05.31"]
[SourceVersion "1"]
[SourceVersionDate "2019.05.31"]
[SourceQuality "1"]

1. d4 d5 2. Nf3 Nf6 3. Bf4 c5 4. c3 Qb6 5. Qb3 c4 6. Qxb6 axb6 7. Na3 Bd7 8. Ne5 Ba4 9. f3 Nh5 10. Bc1 f6 11. Nexc4 dxc4 12. g4 e5 13. dxe5 Bxa3 14. bxa3 Nc6 15. e6 0-0-0 16. Be3 Ne7 17. gxh5 Rd6 18. Bh3 Bc2 19. Bf4 Rd5 20. Rc1 Ba4 21. e4 Rxh5 22. Bf1 b5 23. Be2 Rd8 24. Rg1 g6 25. Bg3 Rc5 26. f4 Rc6 27. Bh4 Rxe6 28. e5 f5 29. Rg3 Rd7 30. Bxe7 Rexe7 31. h4 Rd8 32. h5 Rg8 33. Kf2 Kd7 34. hxg6 hxg6 35. Rcg1 Reg7 36. Bh5 g5 37. Rxg5 Rxg5 38. fxg5 b4 39. Bf7 Rg7 40. e6+ Ke7 41. axb4 Bc6 42. g6 b5 43. Ke3 Kf6 44. Kf4 1-0

[Event "LTU-chT"]
[Site "Lithuania"]
[Date "2018.03.24"]
[Round "3.1"]
[White "Drozdov, Sergej"]
[Black "Juknis, Paulius"]
[Result "1/2-1/2"]
[WhiteElo "2186"]
[BlackElo "2244"]
[PlyCount "54"]
[EventDate "2018.01.27"]
[EventType "team-swiss"]
[EventRounds "7"]
[EventCountry "LTU"]
[SourceTitle "EXT 2019"]
[Source "ChessBase"]
[SourceDate "2018.10.10"]
[SourceVersion "1"]
[SourceVersionDate "2018.10.10"]
[SourceQuality "1"]
[WhiteTeam "Klaipeda Nesunaikinami"]
[BlackTeam "Kaunas Gambiteriai"]
[WhiteTeamCountry "LTU"]
[BlackTeamCountry "LTU"]

1. d4 Nf6 2. Nf3 c5 3. c3 Qc7 4. g3 b6 5. Bg2 Bb7 6. 0-0 g6 7. Na3 d6 8. Ne1 Bg7 9. d5 0-0 10. e4 a6 11. c4 b5 12. Nd3 Nfd7 13. Rb1 bxc4 14. Nxc4 a5 15. Be3 Ba6 16. Qc2 Nb6 17. b3 Nxc4 18. bxc4 Nd7 19. Bd2 Rfb8 20. Rfc1 Qa7 21. Bf1 a4 22. Nf4 Ne5 23. Kg2 Bc8 24. Nd3 Bd7 25. Nxe5 Bxe5 26. Bc3 Bxc3 27. Qxc3 Rb6 1/2-1/2

[Event "LTU-chT"]
[Site "Lithuania"]
[Date "2018.03.24"]
[Round "4.1"]
[White "Indriunas, Matas"]
[Black "Drozdov, Sergej"]
[Result "0-1"]
[WhiteElo "1876"]
[BlackElo "2186"]
[PlyCount "44"]
[EventDate "2018.01.27"]
[EventType "team-swiss"]
[EventRounds "7"]
[EventCountry "LTU"]
[SourceTitle "EXT 2019"]
[Source "ChessBase"]
[SourceDate "2018.10.10"]
[SourceVersion "1"]
[SourceVersionDate "2018.10.10"]
[SourceQuality "1"]
[WhiteTeam "Vilnius Pasaku II"]
[BlackTeam "Klaipeda Nesunaikinami"]
[WhiteTeamCountry "LTU"]
[BlackTeamCountry "LTU"]

1. e4 e5 2. Nf3 Nc6 3. Bc4 Bc5 4. 0-0 Nf6 5. d4 exd4 6. e5 d5 7. exf6 dxc4 8. Re1+ Be6 9. Ng5 Qd5 10. Nc3 Qf5 11. Nce4 Bf8 12. g4 Qd5 13. f4 h6 14. f5 hxg5 15. fxe6 fxe6 16. f7+ Kxf7 17. Nxg5+ Kg8 18. Nxe6 Bd6 19. Bf4 Ne5 20. Ng5 Rf8 21. Rf1 d3 22. Bxe5 Bc5+ 0-1

[Event "Klaipeda-ch"]
[Site "Klaipeda"]
[Date "2018.03.11"]
[Round "11"]
[White "Drozdov, Sergej"]
[Black "Zozulia, Alexander"]
[Result "1/2-1/2"]
[WhiteElo "2186"]
[BlackElo "2099"]
[PlyCount "101"]
[EventDate "2018.01.14"]
[EventType "tourn"]
[EventRounds "11"]
[EventCountry "LTU"]
[SourceTitle "EXT 2019"]
[Source "ChessBase"]
[SourceDate "2018.10.10"]
[SourceVersion "1"]
[SourceVersionDate "2018.10.10"]
[SourceQuality "1"]

1. d4 d5 2. Nf3 g6 3. Bf4 Bg7 4. c3 c6 5. Nbd2 f5 6. e3 Nf6 7. Be2 Ne4 8. Qc2 Nd7 9. b4 0-0 10. Nb3 Qe8 11. Rc1 e5 12. Nxe5 Nxe5 13. Bxe5 Bxe5 14. dxe5 Qxe5 15. Bd3 f4 16. Bxe4 dxe4 17. exf4 Rxf4 18. Qd2 Be6 19. h3 Raf8 20. 0-0 Qh5 21. Qe3 Bc4 22. Rfe1 Rxf2 23. Nd2 Bd3 24. Nxe4 Bxe4 25. Qxe4 Qd5 26. Qxd5+ cxd5 27. Rcd1 Rxa2 28. Rxd5 Rff2 29. Rg5 Kf7 30. Rf1 Rxf1+ 31. Kxf1 Ke6 32. h4 b6 33. h5 Kf6 34. hxg6 hxg6 35. Rd5 Rc2 36. Rd3 Kf5 37. Kg1 Ke4 38. Rg3 Kd5 39. Kh2 Kc4 40. Rxg6 Rxc3 41. Rg7 Ra3 42. Rg4+ Kb5 43. Rf4 Re3 44. g4 a5 45. bxa5 bxa5 46. g5 Re6 47. Rg4 Rg6 48. Kh3 a4 49. Kh4 a3 50. Kh5 Re6 51. Rg1 1/2-1/2

[Event "Klaipeda-ch"]
[Site "Klaipeda"]
[Date "2018.02.25"]
[Round "9"]
[White "Drozdov, Sergej"]
[Black "Vaitonis, Vytautas"]
[Result "1/2-1/2"]
[WhiteElo "2186"]
[BlackElo "1907"]
[PlyCount "41"]
[EventDate "2018.01.14"]
[EventType "tourn"]
[EventRounds "11"]
[EventCountry "LTU"]
[SourceTitle "EXT 2019"]
[Source "ChessBase"]
[SourceDate "2018.10.10"]
[SourceVersion "1"]
[SourceVersionDate "2018.10.10"]
[SourceQuality "1"]

1. d4 Nf6 2. Nf3 e6 3. Bg5 c5 4. c3 Qb6 5. Qb3 d5 6. e3 Nc6 7. Nbd2 Bd6 8. Be2 Bd7 9. 0-0 0-0 10. Qc2 cxd4 11. cxd4 Rac8 12. Qb1 h6 13. Bh4 Qc7 14. Bg3 Bxg3 15. hxg3 Rb8 16. Qd3 Ng4 17. Nb3 b6 18. Rfe1 a5 19. Bd1 f5 20. Nc1 Qd8 21. Ba4 1/2-1/2

[Event "Klaipeda-ch"]
[Site "Klaipeda"]
[Date "2018.02.04"]
[Round "5"]
[White "Pidluznij, Gleb"]
[Black "Drozdov, Sergej"]
[Result "0-1"]
[WhiteElo "1756"]
[BlackElo "2186"]
[PlyCount "94"]
[EventDate "2018.01.14"]
[EventType "tourn"]
[EventRounds "11"]
[EventCountry "LTU"]
[SourceTitle "EXT 2019"]
[Source "ChessBase"]
[SourceDate "2018.10.10"]
[SourceVersion "1"]
[SourceVersionDate "2018.10.10"]
[SourceQuality "1"]

1. e4 c5 2. c3 Nf6 3. e5 Nd5 4. Nf3 d6 5. d4 e6 6. exd6 cxd4 7. Bb5+ Bd7 8. Bxd7+ Nxd7 9. Qxd4 N7f6 10. Qa4+ Qd7 11. Qxd7+ Nxd7 12. 0-0 Bxd6 13. Rd1 Bc5 14. a3 b5 15. Nd4 Bxd4 16. Rxd4 N7b6 17. Nd2 Rc8 18. Ne4 Ke7 19. f4 a5 20. h3 a4 21. Bd2 Nc4 22. Rf1 Rhd8 23. Bc1 Nf6 24. Rxd8 Rxd8 25. Nxf6 Kxf6 26. Kf2 h5 27. Be3 Rd3 28. Bd4+ Kg6 29. Re1 Rd2+ 30. Kf3 Rxb2 31. g4 h4 32. Ke4 Rh2 33. f5+ exf5+ 34. gxf5+ Kh6 35. Kd5 Rxh3 36. Re7 f6 37. Ke6 Rg3 38. Re8 Kh7 39. Rb8 Nxa3 40. Rb7 h3 41. Bxf6 h2 42. Bxg7 Rxg7 43. Rxg7+ Kxg7 44. Ke7 h1Q 45. f6+ Kg6 46. f7 Qe4+ 47. Kd6 Kxf7 0-1

[Event "Vilnius Boksto op"]
[Site "Vilnius"]
[Date "2017.05.07"]
[Round "3"]
[White "Drozdov, Sergej"]
[Black "Jankus, Giedrius"]
[Result "1-0"]
[WhiteElo "2201"]
[BlackElo "1796"]
[PlyCount "95"]
[EventDate "2017.04.30"]
[EventType "swiss"]
[EventRounds "8"]
[EventCountry "LTU"]
[SourceTitle "CBM 178 Extra"]
[Source "ChessBase"]
[SourceDate "2017.06.22"]
[SourceVersion "1"]
[SourceVersionDate "2017.06.22"]
[SourceQuality "1"]

1. d4 d5 2. c4 Nf6 3. cxd5 Qxd5 4. Nc3 Qa5 5. Nf3 Bf5 6. e3 c6 7. Be2 e6 8. Bd2 Qd8 9. 0-0 Bd6 10. Ne5 Nbd7 11. f4 Ne4 12. Bf3 Ndf6 13. Be1 h6 14. Qe2 Qe7 15. g4 Nxc3 16. bxc3 Be4 17. Bh4 Bxf3 18. Qxf3 Qc7 19. Bg3 Nd7 20. Nxd7 Qxd7 21. e4 Bc7 22. Rad1 Bb6 23. Kg2 Rd8 24. f5 exf5 25. gxf5 f6 26. Bf4 Qf7 27. Rd2 Bc7 28. Kh1 Bxf4 29. Qxf4 Qc4 30. Rg1 Qf7 31. Rdg2 Rg8 32. Qxh6 gxh6 33. Rxg8+ Ke7 34. R8g7 c5 35. d5 b5 36. R1g6 a5 37. Kg2 b4 38. c4 Ra8 39. Kf3 a4 40. e5 b3 41. axb3 axb3 42. e6 Qxg7 43. Rxg7+ Kd6 44. Rb7 Ra4 45. Rxb3 Rxc4 46. Re3 Ke7 47. d6+ Ke8 48. Ra3 1-0

[Event "Klaipeda-ch"]
[Site "Klaipeda"]
[Date "2017.02.24"]
[Round "6"]
[White "Jankus, Giedrius"]
[Black "Drozdov, Sergej"]
[Result "1-0"]
[WhiteElo "1791"]
[BlackElo "2201"]
[PlyCount "72"]
[EventDate "2017.01.22"]
[EventType "tourn"]
[EventRounds "11"]
[EventCountry "LTU"]
[SourceTitle "EXT 2019"]
[Source "ChessBase"]
[SourceDate "2018.10.10"]
[SourceVersion "1"]
[SourceVersionDate "2018.10.10"]
[SourceQuality "1"]

1. d4 Nf6 2. Bf4 d6 3. e3 g6 4. Nc3 Bg7 5. e4 0-0 6. Qd2 c6 7. Nf3 b5 8. Bd3 a6 9. Bh6 Qc7 10. Bxg7 Kxg7 11. h4 e5 12. dxe5 dxe5 13. h5 Be6 14. hxg6 fxg6 15. Qh6+ Kg8 16. Ng5 Qe7 17. 0-0-0 Ra7 18. Be2 Nbd7 19. Rd3 Nc5 20. Rg3 Bd7 21. Nxh7 Nxh7 22. Rxg6+ Kh8 23. Qe3 Be8 24. Rxh7+ Qxh7 25. Rh6 Ne6 26. Rxh7+ Rxh7 27. b4 Rg8 28. Bf3 Bh5 29. Ne2 Rf8 30. Bxh5 Rxh5 31. Ng3 Rg5 32. Nf5 Kg8 33. Qh3 Nf4 34. Qb3+ Kh7 35. g3 Ng6 36. Qe3 Rh5 1-0

[Event "Klaipeda-ch"]
[Site "Klaipeda"]
[Date "2016.03.06"]
[Round "10"]
[White "Vaitonis, Vytautas"]
[Black "Drozdov, Sergej"]
[Result "1/2-1/2"]
[WhiteElo "1944"]
[BlackElo "2243"]
[PlyCount "49"]
[EventDate "2016.01.10"]
[EventType "tourn"]
[EventRounds "11"]
[EventCountry "LTU"]
[SourceTitle "EXT 2017"]
[Source "ChessBase"]
[SourceDate "2016.10.25"]
[SourceVersion "1"]
[SourceVersionDate "2016.10.25"]
[SourceQuality "1"]

1. d4 Nf6 2. c4 e6 3. Nf3 b6 4. g3 Bb7 5. Bg2 Be7 6. 0-0 0-0 7. Nc3 Ne4 8. Bd2 Bf6 9. Rc1 Nxd2 10. Qxd2 d6 11. d5 e5 12. h4 Nd7 13. Bh3 a5 14. e4 Nc5 15. Kg2 Ba6 16. b3 Bc8 17. Ne1 Bxh3+ 18. Kxh3 Be7 19. Nd3 Qd7+ 20. Kh2 Nxd3 21. Qxd3 f5 22. exf5 Rxf5 23. Rce1 Raf8 24. f3 Qe8 25. Re4 1/2-1/2

[Event "LTU-chT"]
[Site "Lithuania"]
[Date "2016.02.07"]
[Round "5.1"]
[White "Drozdov, Sergej"]
[Black "Kveinys, Aloyzas"]
[Result "0-1"]
[WhiteElo "2243"]
[BlackElo "2524"]
[PlyCount "76"]
[EventDate "2016.01.23"]
[EventType "team-swiss"]
[EventRounds "7"]
[EventCountry "LTU"]
[SourceTitle "EXT 2017"]
[Source "ChessBase"]
[SourceDate "2016.10.25"]
[SourceVersion "1"]
[SourceVersionDate "2016.10.25"]
[SourceQuality "1"]
[WhiteTeam "Klaipeda Bokstas"]
[BlackTeam "Kaunas Ezerelio"]
[WhiteTeamCountry "LTU"]
[BlackTeamCountry "LTU"]

1. Nf3 c5 2. g3 g6 3. Bg2 Bg7 4. 0-0 Nc6 5. c4 Nh6 6. Nc3 Nf5 7. d3 0-0 8. e4 Nfd4 9. Ne1 d6 10. Be3 Rb8 11. Rc1 b5 12. b3 Qa5 13. Qd2 Bg4 14. f3 Bd7 15. Rf2 f5 16. Bh6 fxe4 17. Bxg7 Kxg7 18. Nxe4 Qxd2 19. Rxd2 a5 20. f4 b4 21. Nc2 a4 22. Nxd4 Nxd4 23. Rb1 axb3 24. axb3 Ra8 25. Rdb2 Bf5 26. Nf2 Ra3 27. Be4 Rc8 28. Kg2 Rc7 29. g4 Bc8 30. Bf3 Rca7 31. Kg3 Ra1 32. Rxa1 Rxa1 33. Bd1 Bb7 34. h3 h6 35. Kh2 Bf3 36. Bxf3 Nxf3+ 37. Kg3 Nd4 38. Ne4 Rg1+ 0-1

[Event "LTU-chT"]
[Site "Lithuania"]
[Date "2016.02.06"]
[Round "4.1"]
[White "Drozdov, Sergej"]
[Black "Grybas, Gintaras"]
[Result "1/2-1/2"]
[WhiteElo "2243"]
[BlackElo "1992"]
[PlyCount "50"]
[EventDate "2016.01.23"]
[EventType "team-swiss"]
[EventRounds "7"]
[EventCountry "LTU"]
[SourceTitle "CBM 170 Extra"]
[Source "ChessBase"]
[SourceDate "2016.02.25"]
[SourceVersion "1"]
[SourceVersionDate "2016.02.25"]
[SourceQuality "1"]
[WhiteTeam "Klaipeda Bokstas"]
[BlackTeam "LASF"]
[WhiteTeamCountry "LTU"]
[BlackTeamCountry "LTU"]

1. d4 d5 2. Nf3 c6 3. Bg5 Bf5 4. Nbd2 h6 5. Bh4 Nd7 6. e3 Ngf6 7. c4 e6 8. Qb3 Qb6 9. c5 Qxb3 10. axb3 a6 11. b4 Rc8 12. h3 Be7 13. Bg3 Bd8 14. Be2 Ne4 15. Nxe4 Bxe4 16. 0-0 Bxf3 17. Bxf3 Bc7 18. Bxc7 Rxc7 19. Be2 0-0 20. f4 f5 21. Kh2 Nf6 22. g4 g6 23. Rg1 Rg7 24. Rg2 Kf7 25. Bd3 h5 1/2-1/2